Certifikované výrobky a certifikované systémy riadenia kvality za rok 1996

Na minha lista:
Detalhes bibliográficos
Formato: Livro
Idioma:eslovaco
Publicado em: Bratislava Štatistický úrad Slovenskej republiky 1997
Colecção:Štatistické čísla a grafy
Assuntos:
Tags: Adicionar Tag
Sem tags, seja o primeiro a adicionar uma tag!

MARC

LEADER 00000nam a2200000 4500
001 c020049
005 20251008065603.9
041 0 |a slo 
044 |a SK 
245 1 0 |a Certifikované výrobky a certifikované systémy riadenia kvality za rok 1996 
264 1 |a Bratislava  |b Štatistický úrad Slovenskej republiky  |c 1997 
300 |a 24 s. 
490 1 |a Štatistické čísla a grafy 
830 0 |a Štatistické čísla a grafy 
610 2 0 |a certifikácia 
610 2 0 |a certifikáty 
610 2 0 |a riadenie kvality 
610 2 0 |a výrobky priemyselné 
610 2 0 |a Slovensko